Making Sense of Statistics in Psychology / A Second-Level Course (Record no. 199)
[ view plain ]
| 000 -LEADER | |
|---|---|
| fixed length control field | 01408cam a22001934a 4500 |
| 005 - ΗΜΕΡΟΜΗΝΙΑ ΚΑΙ ΩΡΑ ΤΕΛΕΥΤΑΙΑΣ ΕΝΗΜΕΡΩΣΗΣ | |
| Πεδίο ελέγχου | 20250605163927.0 |
| 008 - FIXED-LENGTH DATA ELEMENTS--GENERAL INFORMATION | |
| Πεδίο ελέγχου σταθερού μήκους | 250528s ||||||||||||||||||||||||d |
| 035 ## - SYSTEM CONTROL NUMBER | |
| System control number | 14575 |
| 020 ## - ISBN | |
| ISBN | 198523653 |
| 040 ## - ΠΗΓΗ ΚΑΤΑΛΟΓΟΓΡΑΦΗΣΗΣ | |
| Φορέας πρωτότυπης καταλογογράφησης | MC Athens Campus Library |
| Γλώσσα καταλογογράφησης | Ελληνικά, Μοντέρνα (1453-) |
| Modifying agency | MC Athens Campus Library |
| Κανόνες περιγραφικής καταλογογράφησης | AACR2 |
| 245 1# - ΤΙΤΛΟΣ ΚΑΙ ΔΗΛΩΣΗ ΥΠΕΥΘΥΝΟΤΗΤΑΣ | |
| Τίτλος | Making Sense of Statistics in Psychology / A Second-Level Course |
| 260 ## - PUBLICATION, DISTRIBUTION, ETC. | |
| Name of publisher, distributor, etc. | Oxford University Press, |
| Date of publication, distribution, etc. | 1996 |
| 300 ## - PHYSICAL DESCRIPTION | |
| Extent | 356 |
| 520 ## - SUMMARY, ETC. | |
| Summary, etc. | This book provides an account of many of the more advanced statistical techniques useful in the analysis of data collected in psychological investigations. Data and Models and a Little History, Graphical Methods of Displaying Data, Analysis of Variance: The One-Way Design, Analysis of Variance: Factorial Designs, Analysis of Variance: Repeated Measures Designs, Simple Linear Regression and Multiple Regression Analysis, The Analysis of Categorical Data: Log-Linear Models and Logistic Regression, An Introduction to the Generalized Linear Model, Distribution-Free and Computer-Intensive Methods, Multivariate Analysis I: The Analysis of Covariances and Correlations, Multivariate Analysis II: Confirmatory Factor Analysis and Covariance Structure Models, Multivariate Analysis III: Cluster Analysis and Discriminant Analysis and Multidimensional Scaling, The Assessment of Reliability, References, Index. |
| 700 1# - ΠΡΟΣΘΕΤΗ ΑΝΑΓΡΑΦΗ--ΦΥΣΙΚΟ ΠΡΟΣΩΠΟ | |
| Personal name | Everitt Brian S |
| 9 (RLIN) | 289 |
| 942 ## - ADDED ENTRY ELEMENTS (KOHA) | |
| Koha item type | Books |
| Τύπος τεκμηρίου | Βιβλιοθήκη | Τρέχουσα τοποθεσία | Barcode | Αριθμός εισαγωγής | Ημερομηνία απόκτησης | Ταξιθετικό σύμβολο | Αριθμός αντιτύπου | Κατάσταση απόσυρσης | Κατάσταση χαμένου | Κατάσταση κατεστραμμένου | Μη δανεισμός | Σύνολο δανεισμών | Ημερομηνία τελευταίας εμφάνισης | Η τιμή ισχύει από |
|---|---|---|---|---|---|---|---|---|---|---|---|---|---|---|
| Books | MC Athens Campus Library | MC Athens Campus Library | 9780000001986 | 235 | 05/06/2025 | 150.1/5195 EVE | 1 | 05/06/2025 | 05/06/2025 |